| 000 | 00693nam a2200193Ia 4500 | ||
|---|---|---|---|
| 003 | GCL | ||
| 008 | 140319s9999 xx 000 0 ara d | ||
| 020 | _a0604215977 | ||
| 040 |
_aGCL / _cGCL |
||
| 082 | 0 | 4 |
_a922.1 _bس ا |
| 100 | 1 | _aسعد القاضى | |
| 245 | 1 | 0 |
_aفقية مصر الامام الليث بن سعد / _cسعد القاضى |
| 260 |
_aالقاهرة : _bدار غريب للطباعة والنشر والتوزيع ، _c2001 |
||
| 300 |
_a63 ص ؛ _c24 سم |
||
| 490 | _a | ||
| 650 | 0 | 4 | _aالاسلام - تراجم |
| 650 | 0 | 4 | _aالليث بن سعد: ابوالحارث الليث بن سعد بن عبدالرحيم الفهمى،94-175هـ |
| 942 |
_2ddc _cBK |
||
| 999 |
_c27886 _d27886 |
||